RAJA BERSIONG YANG ZALIM / (Record no. 170830)

MARC details
000 -LEADER
fixed length control field 01215pam a2200385 ia4500
001 - CONTROL NUMBER
control field vtls000845302
003 - CONTROL NUMBER IDENTIFIER
control field PNM
005 - DATE AND TIME OF LATEST TRANSACTION
control field 20190107122941.0
008 - FIXED-LENGTH DATA ELEMENTS--GENERAL INFORMATION
fixed length control field 180117s2018 my ao j 000 0 may
015 ## - NATIONAL BIBLIOGRAPHY NUMBER
National bibliography number M18-01215
020 ## - INTERNATIONAL STANDARD BOOK NUMBER
International Standard Book Number 9789670947587
Terms of availability RM199.00
Qualifying information set
International Standard Book Number 9789670947662
Terms of availability RM24.87
Qualifying information paperback
039 #9 - LEVEL OF BIBLIOGRAPHIC CONTROL AND CODING DETAIL [OBSOLETE]
Level of rules in bibliographic description 201810300929
Level of effort used to assign nonsubject heading access points amy_z
Level of effort used to assign subject headings 201804121134
Level of effort used to assign classification amy_z
Level of effort used to assign subject headings 201804121123
Level of effort used to assign classification amy_z
Level of effort used to assign subject headings 201801261608
Level of effort used to assign classification mawarny
040 ## - CATALOGING SOURCE
Original cataloging agency BNM
Language of cataloging eng
Transcribing agency BNM
Description conventions rda
Modifying agency PPAK
049 ## - LOCAL HOLDINGS (OCLC)
Holding library mal
082 04 - DEWEY DECIMAL CLASSIFICATION NUMBER
Classification number 398.209595
Edition number 23
090 00 - LOCALLY ASSIGNED LC-TYPE CALL NUMBER (OCLC); LOCAL CALL NUMBER (RLIN)
Classification number (OCLC) (R) ; Classification number, CALL (RLIN) (NR) 398.209595
Feature heading MUH
Feature heading K
100 0# - MAIN ENTRY--PERSONAL NAME
Personal name Muhammad Afis,
Relator term author.
245 10 - TITLE STATEMENT
Title RAJA BERSIONG YANG ZALIM /
Statement of responsibility, etc. Muhammad Afis
264 #1 - PRODUCTION, PUBLICATION, DISTRIBUTION, MANUFACTURE, AND COPYRIGHT NOTICE
Place of production, publication, distribution, manufacture Kuala Lumpur :
Name of producer, publisher, distributor, manufacturer SEMARAK MURNI ENTERPRISE,
Date of production, publication, distribution, manufacture, or copyright notice [2018]
300 ## - PHYSICAL DESCRIPTION
Extent 40 pages :
Other physical details illustrations, photographs ;
Dimensions 26 cm.
336 ## - CONTENT TYPE
Content type term text
Source rdacontent
337 ## - MEDIA TYPE
Media type term unmediated
Source rdamedia
338 ## - CARRIER TYPE
Carrier type term volume
Source rdacarrier
490 1# - SERIES STATEMENT
Series statement Menjejaki Bukti Wujud Legenda Silam
500 ## - GENERAL NOTE
General note Includes questions and exercises
650 10 - SUBJECT ADDED ENTRY--TOPICAL TERM
Topical term or geographic name entry element Folk literature, Malay
Topical term or geographic name entry element Legends
651 20 - SUBJECT ADDED ENTRY--GEOGRAPHIC NAME
Geographic name Kedah
General subdivision History
830 #0 - SERIES ADDED ENTRY--UNIFORM TITLE
Uniform title Menjejaki bukti wujud legenda silam
942 ## - ADDED ENTRY ELEMENTS (KOHA)
Source of classification or shelving scheme Dewey Decimal Classification
Koha item type Book
949 ## - LOCAL PROCESSING INFORMATION (OCLC)
6 2000624686
6 2000624684
6 2000624685
Holdings
Withdrawn Not for loan Current library Shelving location Date acquired Total Checkouts Full call number Barcode Date last seen Date last checked out Koha item type
    Perpustakaan Alor Setar Pinjaman Kanak-kanak 11/02/2019 5 K 398.209595 MUH A01592200 04/11/2023 29/10/2023 Book
    Perpustakaan Alor Setar Pinjaman Kanak-kanak 11/02/2019 3 K 398.209595 MUH A01592201 07/07/2025 11/06/2025 Book
    Perpustakaan Awam Sungai Petani Pinjaman Kanak-kanak 11/02/2019   K 398.209595 MUH A01592202 11/02/2019   Book
    Perpustakaan Baling Pinjaman Kanak-kanak 11/02/2019   K 398.209595 MUH A01592205 11/02/2019   Book
    Perpustakaan Kulim Pinjaman Kanak-kanak 11/02/2019   K 398.209595 MUH A01592204 11/02/2019   Book
    Perpustakaan Langkawi Pinjaman Kanak-kanak 11/02/2019   K 398.209595 MUH A01592203 11/02/2019   Book